|
|
|
|
| LEADER |
00000nam0a2200000 4500 |
| 001 |
239908 |
| 005 |
20231101231715.0 |
| 020 |
|
|
|a RU
|b 90-39194
|
| 035 |
|
|
|a (RuTPU)RU\TPU\book\261152
|
| 090 |
|
|
|a 239908
|
| 100 |
|
|
|a 20130617d1989 k y0rusy5003 ca
|
| 101 |
0 |
|
|a rus
|
| 102 |
|
|
|a RU
|
| 105 |
|
|
|a a z 001zy
|
| 200 |
1 |
|
|a Рудоносный карст Сибири
|e сборник научных трудов
|f Сибирское научно-производственное объединение по геолого-геофизическим работам (Сибгео) ; Сибирский научно-исследовательский институт геологии, геофизики и минерального сырья (СНИИГГиМС) ; гл. ред. В. С. Сурков
|
| 210 |
|
|
|a Новосибирск
|c Изд-во СНИИГГИМС
|d 1989
|
| 215 |
|
|
|a 169 с., [2] л. табл.
|c ил., карт.
|
| 320 |
|
|
|a Библиогр. в конце ст.
|
| 606 |
1 |
|
|a Геоморфология карстовая
|2 stltpush
|3 (RuTPU)RU\TPU\subj\6211
|9 34146
|
| 606 |
1 |
|
|a Рудообразование
|2 stltpush
|3 (RuTPU)RU\TPU\subj\26038
|9 50054
|
| 610 |
1 |
|
|a Сибирская платформа
|
| 610 |
1 |
|
|a месторождения
|
| 610 |
1 |
|
|a рудопроявления
|
| 610 |
1 |
|
|a минерагения
|
| 610 |
1 |
|
|a карстообразование
|
| 610 |
1 |
|
|a сборники
|
| 675 |
|
|
|a 551.435.8
|z rus
|
| 675 |
|
|
|a 553.2
|z rus
|
| 702 |
|
1 |
|a Сурков
|b В. С.
|4 651
|
| 712 |
0 |
2 |
|a Сибирское научно-производственное объединение по геолого-геофизическим работам (Сибгео)
|c (Новосибирск)
|2 stltpush
|3 (RuTPU)RU\TPU\col\18791
|
| 712 |
0 |
2 |
|a Сибирский научно-исследовательский институт геологии, геофизики и минерального сырья (СНИИГГиМС)
|c (Новосибирск)
|2 stltpush
|3 (RuTPU)RU\TPU\col\322
|
| 801 |
|
0 |
|a RU
|b RuMRKP
|c 19960705
|g psbo
|
| 801 |
|
1 |
|a RU
|b 63413507
|c 20130617
|
| 801 |
|
2 |
|a RU
|b 63413507
|c 20130828
|g RCR
|
| 942 |
|
|
|c BK
|